Problems in respiratory medicine

Spremljeno u:
Bibliografski detalji
Glavni autor: Paul Forgacs
Format: Knjiga
Jezik:Undetermined
Izdano: Singapore P.G.Publishing Pte Ltd 1987
Teme:
Oznake: Dodaj oznaku
Bez oznaka, Budi prvi tko označuje ovaj zapis!
Thư viện lưu trữ: Trung tâm Học liệu Trường Đại học Cần Thơ
LEADER 00511nam a2200181Ia 4500
001 CTU_7730
008 210402s9999 xx 000 0 und d
082 |a 611.2 
082 |b F721 
100 |a Paul Forgacs 
245 0 |a Problems in respiratory medicine 
245 0 |c Paul Forgacs 
260 |a Singapore 
260 |b P.G.Publishing Pte Ltd 
260 |c 1987 
650 |a respiratory organs - anatomy 
904 |i Nguyễn Huỳnh Mai, 960829 
980 |a Trung tâm Học liệu Trường Đại học Cần Thơ